WiFi for the enterprise /

Bibliographic Details
Main Author: Muller, Nathan J.
Format: Book
Language:English
Published: New York : McGraw-Hill, [2003]
Subjects:

MARC

Tag First Indicator Second Indicator Subfields
LEADER 00000pam a22000004a 4500
001 in00001748813
005 20151025070045.0
008 030227s2003 nyua b 001 0 eng
010 |a  2003044559 
015 |a GBA3-Z9933 
020 |a 0071412522 (alk. paper) 
035 |a (OCoLC)ocm51194469 
040 |a DLC  |c DLC  |d YDX  |d UKM  |d TXA  |d UtOrBLW 
042 |a pcc 
049 |a TXAM 
050 0 0 |a TK5105.5668  |b .M84 2003 
082 0 0 |a 004.6/8  |2 21 
100 1 |a Muller, Nathan J. 
245 1 0 |a WiFi for the enterprise /  |c Nathan J. Muller. 
246 1 4 |a Wi-Fi for the enterprise 
264 1 |a New York :  |b McGraw-Hill,  |c [2003] 
264 4 |c ©2003 
300 |a xix, 299 pages :  |b illustrations ;  |c 23 cm. 
336 |a text  |b txt  |2 rdacontent 
337 |a unmediated  |b n  |2 rdamedia 
338 |a volume  |b nc  |2 rdacarrier 
500 |a Includes index. 
650 0 |a IEEE 802.11 (Standard) 
650 0 |a Business  |x Communication systems  |x Data processing. 
948 |a cataloged  |b h  |c 2003/5/29  |d c  |e ceaton  |f 12:02:00 pm 
994 |a E0  |b TXA 
999 |a MARS 
999 f f |s 33f5df51-9569-3ee7-855a-11436b0318c5  |i 1b47a2da-2a5f-3048-8d48-e6535c920315  |t 0 
952 f f |p normal  |a Texas A&M University  |b College Station  |c Sterling C. Evans Library  |d Evans: Library Stacks  |t 0  |e TK5105.5668 .M84 2003  |h Library of Congress classification  |i unmediated -- volume  |m A14830236230 
998 f f |a TK5105.5668 .M84 2003  |t 0  |l Evans: Library Stacks